000 00600cam a2200193 i 4500
005 20251210120620.0
008 250721s1985 jo gr 000 0 ara d
082 1 4 _a216,5
_bع ب د
100 1 _aعتر، عبد الرحمن
_eمؤلف.
245 1 0 _aخطبة النكاح /
_cالدكتور عبد الرحمن عتر.
250 _aالطبعة الأولى.
264 3 1 _aالزرقاء :
_bمكتبة المنار،
_c1985.
300 _a440 صفحة.
650 1 7 _aالإسلام.
650 1 7 _aالفقه.
650 1 7 _aالزواج.
942 _2ddc
_cBK
999 _c1799
_d1799